00734nam a22002417a 450000500170000001000130001702000220003003500130005203700160006504000120008108200110009310000250010424500420012925000110017126000400018227000530022230000200027565000220029565000180031794200200033599900190035595201180037420170124110112.0 aA-597115 c00.00a8122200532 aA-597115 bCen Lib/Ret aDPLbEN aNbDES aDesai, Anita 929377 aVoices in the city /cby Anita Desai  a6th ed aNew DelhibOrient Paperbacks c1992 bNew Delhi aMadrsa road, Kashmiri gate e110006 a257p.c17cm(Hb) a literature96262 aNovel 922513 2ddccENhSmDES c130506d130506 00104070aLbLd2015-07-09eCen Lib/Retg0.00l0oN DESpA-597115r2015-07-09 00:00:00t1v0.00w2015-07-09yEN